[Event "Feffernitz op 24th"]
[Site "Feffernitz"]
[Date "2015.08.20"]
[Round "6"]
[White "Safrin, Mario"]
[Black "Neubauer, Herbert"]
[Result "1/2-1/2"]
[WhiteElo "1818"]
[BlackElo "2055"]
[PlyCount "113"]
[EventDate "2015.08.16"]
[EventType "swiss"]
[EventRounds "9"]
[EventCountry "AUT"]
[SourceTitle "EXT 2016"]
[Source "ChessBase"]
[SourceDate "2015.10.08"]
[SourceVersion "1"]
[SourceVersionDate "2015.10.08"]
[SourceQuality "1"]

1. e4 e5 2. Nf3 Nc6 3. Bb5 a6 4. Ba4 b5 5. Bb3 Nf6 6. d3 Be7 7. 0-0 d6 8. h3 Na5 9. c3 Nxb3 10. axb3 0-0 11. Re1 c5 12. Be3 Bb7 13. Nbd2 d5 14. Bg5 dxe4 15. dxe4 c4 16. Qc2 Qc7 17. Bxf6 Bxf6 18. Nf1 Rad8 19. Rad1 Qc6 20. Ng3 g6 21. Nh2 Bh4 22. Nhf1 f5 23. Rxd8 Rxd8 24. Re2 f4 25. Nh1 f3 26. gxf3 Qf6 27. Kg2 Bg5 28. Ne3 h5 29. Rd2 Bf4 30. Rxd8+ Qxd8 31. Nd5 Qg5+ 32. Kf1 Kh7 33. Nxf4 Qxf4 34. Kg2 Qg5+ 35. Kf1 Qh4 36. Ke2 Qxh3 37. Qd1 Qc8 38. Qd6 Qh8 39. Qe7+ Qg7 40. Qg5 Qc7 41. Ng3 Qd6 42. Kf1 Bc8 43. Kg2 Qe6 44. Kf1 Qh3+ 45. Ke2 Qe6 46. Kf1 Kg8 47. Qd8+ Kf7 48. Qg5 Qh3+ 49. Ke2 h4 50. Nf1 Qd7 51. Nd2 Qd3+ 52. Ke1 h3 53. Qxe5 Qd7 54. Qf4+ Kg7 55. Kf1 Qf7 56. Qg3 Bd7 57. f4 1/2-1/2